000
00303nam a2200121Ia 4500
999
_c
10514
_d
10514
008
220318s9999 xx 000 0 und d
020
_a
9780823040087
082
_a
729
_b
PIL
100
_a
Pile, John F.
245
0
_a
Perspective for Interior Designers
260
_b
Watson-Guptill,
_c
1989
942
_2
ddc